000 00561cam a22002291 4500
001 sa 66001353
003 DLC
005 20260227112221.0
008 890711s1964 ii 000 0 tamo
010 _asa 66001353
035 _a(OCoLC)19992926
040 _aDLC
_cWaU
_dDLC
042 _apremarc
050 0 0 _aPL4758.6.A2
_bP3
130 0 _aPatir̲r̲uppattu.
245 0 0 _aPatir̲r̲upattu.
260 _c[1964]
300 _axiii, 423 p.
_c18 cm.
500 _aIn Tamil.
650 0 _aTamil poetry.
700 2 _aRamanathan Chettiar, M. P.,
_d1914-
999 _c67742
_d67742